[Event "T-Director's Swiss sytem"]
[Site "playchess.com #662980"]
[Date "2014.03.16"]
[Round "5"]
[White "Adamavi"]
[Black "All4tactics"]
[Result "0-1"]
[WhiteElo "1441"]
[BlackElo "1838"]
[PlyCount "128"]
[EventDate "2014.03.16"]
[EventType "swiss (blitz)"]

1. d4 {[%emt 0:00:04]} Nf6 {[%emt 0:00:07]} 2. Nf3 {[%emt 0:00:06]} g6 {[%emt
0:00:04]} 3. e3 {[%emt 0:00:02]} Bg7 {[%emt 0:00:06]} 4. Bd3 {[%emt 0:00:02]}
b6 {[%emt 0:00:04]} 5. O-O {[%emt 0:00:02]} O-O {[%emt 0:00:02]} 6. c3 {[%emt
0:00:05]} a5 {[%emt 0:00:02]} 7. Re1 {[%emt 0:00:04]} a4 {[%emt 0:00:02]} 8.
Bb5 {[%emt 0:00:21]} Bb7 {[%emt 0:00:14]} 9. Nbd2 {[%emt 0:00:48]} Bc6 {[%emt
0:00:08]} 10. Bxc6 {[%emt 0:00:17]} Nxc6 {[%emt 0:00:06]} 11. e4 {[%emt 0:00:
02]} d6 {[%emt 0:00:13]} 12. d5 {[%emt 0:00:10]} Nb8 {[%emt 0:00:05]} 13. Nd4 {
[%emt 0:00:12]} c5 {[%emt 0:00:06]} 14. dxc6 {[%emt 0:00:06]} Qc7 {[%emt 0:00:
06]} 15. N2f3 {[%emt 0:00:47]} Nxc6 {[%emt 0:00:05]} 16. Bg5 {[%emt 0:00:14]}
h6 {[%emt 0:00:11]} 17. Bh4 {[%emt 0:00:12]} g5 {[%emt 0:00:13]} 18. Bg3 {
[%emt 0:00:03]} e5 {[%emt 0:00:02]} 19. Nf5 {[%emt 0:00:12]} Rfd8 {[%emt 0:00:
05]} 20. Nxg7 {[%emt 0:00:07]} Kxg7 {[%emt 0:00:02]} 21. a3 {[%emt 0:00:17]}
Ne7 {[%emt 0:00:12]} 22. Qd2 {[%emt 0:00:16]} Ng6 {[%emt 0:00:04]} 23. Rac1 {
[%emt 0:00:13]} b5 {[%emt 0:00:16]} 24. h3 {[%emt 0:00:03]} Rac8 {[%emt 0:00:
09]} 25. Nh2 {[%emt 0:00:08]} Qd7 {[%emt 0:00:05]} 26. Rcd1 {[%emt 0:00:09]}
Qe6 {[%emt 0:00:02]} 27. Nf3 {[%emt 0:00:08]} Rc4 {[%emt 0:00:15]} 28. Qd3 {
[%emt 0:00:08]} Nh5 {[%emt 0:00:18]} 29. Bh2 {[%emt 0:00:06]} Nhf4 {[%emt 0:00:
02]} 30. Bxf4 {[%emt 0:00:02]} Nxf4 {[%emt 0:00:02]} 31. Qe3 {[%emt 0:00:06]}
g4 {[%emt 0:00:28]} 32. Nd2 {[%emt 0:00:16]} gxh3 {[%emt 0:00:04]} 33. Nxc4 {
[%emt 0:00:06]} Nxg2 {[%emt 0:00:07]} 34. Qg3+ {[%emt 0:00:06]} Kh7 {[%emt 0:
00:01]} 35. Re3 {[%emt 0:00:05]} bxc4 {[%emt 0:00:05]} 36. Qxh3 {[%emt 0:00:01]
} Nxe3 {[%emt 0:00:05]} 37. Qxe6 {[%emt 0:00:04]} fxe6 {[%emt 0:00:11]} 38.
fxe3 {[%emt 0:00:01]} d5 {[%emt 0:00:01]} 39. exd5 {[%emt 0:00:02]} exd5 {
[%emt 0:00:02]} 40. Kf2 {[%emt 0:00:02]} Kg6 {[%emt 0:00:02]} 41. Ke2 {[%emt 0:
00:01]} Kf5 {[%emt 0:00:01]} 42. Rf1+ {[%emt 0:00:01]} Ke4 {[%emt 0:00:02]} 43.
Rh1 {[%emt 0:00:02]} Rd6 {[%emt 0:00:02]} 44. Rh4+ {[%emt 0:00:01]} Kf5 {[%emt
0:00:01]} 45. Kf3 {[%emt 0:00:01]} Kg5 {[%emt 0:00:01]} 46. Rh2 {[%emt 0:00:02]
} d4 {[%emt 0:00:01]} 47. exd4 {[%emt 0:00:02]} exd4 {[%emt 0:00:01]} 48. cxd4
{[%emt 0:00:02]} Rxd4 {[%emt 0:00:01]} 49. Rc2 {[%emt 0:00:02]} h5 {[%emt 0:00:
04]} 50. Ke3 {[%emt 0:00:01]} Rd3+ {[%emt 0:00:02]} 51. Ke2 {[%emt 0:00:03]}
Rh3 {[%emt 0:00:08]} 52. Rxc4 {[%emt 0:00:03]} Rh2+ {[%emt 0:00:03]} 53. Kd3 {
[%emt 0:00:01]} Rxb2 {[%emt 0:00:02]} 54. Rxa4 {[%emt 0:00:01]} h4 {[%emt 0:00:
02]} 55. Ra8 {[%emt 0:00:09]} h3 {[%emt 0:00:03]} 56. Rh8 {[%emt 0:00:05]} h2 {
[%emt 0:00:01]} 57. a4 {[%emt 0:00:04]} Kg4 {[%emt 0:00:04]} 58. Kc3 {[%emt 0:
00:01]} Ra2 {[%emt 0:00:03]} 59. Kb3 {[%emt 0:00:01]} Re2 {[%emt 0:00:02]} 60.
a5 {[%emt 0:00:02]} Kg3 {[%emt 0:00:04]} 61. a6 {[%emt 0:00:02]} Re6 {[%emt 0:
00:02]} 62. a7 {[%emt 0:00:02]} Ra6 {[%emt 0:00:03]} 63. a8=Q {[%emt 0:00:03]}
Rxa8 {[%emt 0:00:02]} 64. Rxa8 {[%emt 0:00:01]} h1=Q {[%emt 0:00:01] Time} 0-1

[Event "T-Director's Swiss sytem"]
[Site "playchess.com #662980"]
[Date "2014.03.16"]
[Round "1"]
[White "Adamavi"]
[Black "FoxyMoves2"]
[Result "0-1"]
[WhiteElo "1382"]
[BlackElo "2000"]
[PlyCount "68"]
[EventDate "2014.03.16"]
[EventType "swiss (blitz)"]

1. d4 {[%emt 0:00:04]} Nf6 {[%emt 0:00:01]} 2. c4 {[%emt 0:00:02]} c5 {[%emt 0:
00:00]} 3. d5 {[%emt 0:00:03]} e6 {[%emt 0:00:01]} 4. Nc3 {[%emt 0:00:04]} exd5
{[%emt 0:00:01]} 5. cxd5 {[%emt 0:00:01]} d6 {[%emt 0:00:02]} 6. e4 {[%emt 0:
00:02]} g6 {[%emt 0:00:03]} 7. Bd3 {[%emt 0:00:06]} Bg7 {[%emt 0:00:02]} 8.
Nge2 {[%emt 0:00:03]} O-O {[%emt 0:00:05]} 9. O-O {[%emt 0:00:02]} a6 {[%emt 0:
00:02]} 10. a4 {[%emt 0:00:05]} Nbd7 {[%emt 0:00:05]} 11. Bg5 {[%emt 0:00:10]}
Qc7 {[%emt 0:00:04]} 12. a5 {[%emt 0:00:31]} Ne5 {[%emt 0:00:11]} 13. Bb1 {
[%emt 0:00:22]} Nc4 {[%emt 0:00:48]} 14. Qb3 {[%emt 0:00:44]} Nxa5 {[%emt 0:00:
15]} 15. Qc2 {[%emt 0:00:28]} b5 {[%emt 0:00:37]} 16. Ng3 {[%emt 0:01:04]} Re8
{[%emt 0:00:20]} 17. f3 {[%emt 0:00:09]} h6 {[%emt 0:00:07]} 18. Bf4 {[%emt 0:
00:09]} Nc4 {[%emt 0:00:13]} 19. Qc1 {[%emt 0:00:32]} Kh7 {[%emt 0:00:10]} 20.
b3 {[%emt 0:00:09]} Ne5 {[%emt 0:00:16]} 21. Nxb5 {[%emt 0:00:08]} Qb6 {[%emt
0:00:28]} 22. Nc3 {[%emt 0:00:31]} Bd7 {[%emt 0:00:44] '} 23. Qc2 {[%emt 0:00:
12]} Rac8 {[%emt 0:00:12]} 24. Bxe5 {[%emt 0:00:03]} Rxe5 {[%emt 0:00:02]} 25.
Kh1 {[%emt 0:00:02]} c4 {[%emt 0:00:14] .} 26. bxc4 {[%emt 0:00:06]} Rxc4 {
[%emt 0:00:06]} 27. Qd3 {[%emt 0:00:01]} Qb3 {[%emt 0:00:15]} 28. Nce2 {[%emt
0:00:02]} Qb4 {[%emt 0:00:13]} 29. Nf4 {[%emt 0:00:02]} Bb5 {[%emt 0:00:06]}
30. Qd1 {[%emt 0:00:02]} Qb2 {[%emt 0:00:01]} 31. Re1 {[%emt 0:00:01]} Qxa1 {
[%emt 0:00:01]} 32. Bd3 {[%emt 0:00:02]} Qxd1 {[%emt 0:00:01]} 33. Rxd1 {[%emt
0:00:01]} Rd4 {[%emt 0:00:01]} 34. Bxb5 {[%emt 0:00:01]} Rxd1+ {[%emt 0:00:01]
Adamavi resigns} 0-1

[Event "T-Director's Swiss sytem"]
[Site "playchess.com #662980"]
[Date "2014.03.16"]
[Round "7"]
[White "Adamavi"]
[Black "Pacholinette"]
[Result "0-1"]
[WhiteElo "1431"]
[BlackElo "1607"]
[PlyCount "42"]
[EventDate "2014.03.16"]
[EventType "swiss (blitz)"]

1. e4 {[%emt 0:00:05]} c5 {[%emt 0:00:02]} 2. Nf3 {[%emt 0:00:10]} Nc6 {[%emt
0:00:27]} 3. d4 {[%emt 0:00:04]} cxd4 {[%emt 0:00:03]} 4. Nxd4 {[%emt 0:00:01]}
Qb6 {[%emt 0:00:01]} 5. Nxc6 {[%emt 0:00:25]} bxc6 {[%emt 0:00:04]} 6. Bc4 {
[%emt 0:00:12]} Nf6 {[%emt 0:00:09]} 7. Nc3 {[%emt 0:00:24]} Qb4 {[%emt 0:00:
06]} 8. Bd3 {[%emt 0:00:12]} d6 {[%emt 0:00:06]} 9. O-O {[%emt 0:00:06]} g6 {
[%emt 0:00:03]} 10. a3 {[%emt 0:00:22]} Qb6 {[%emt 0:01:17]} 11. Be3 {[%emt 0:
00:38]} Qxb2 {[%emt 0:00:07]} 12. Qd2 {[%emt 0:00:09]} Qb7 {[%emt 0:00:07]} 13.
Rab1 {[%emt 0:00:09]} Qc7 {[%emt 0:00:26]} 14. Ne2 {[%emt 0:00:52]} c5 {[%emt
0:00:51]} 15. Ng3 {[%emt 0:00:43]} Bb7 {[%emt 0:00:05]} 16. f3 {[%emt 0:00:09]}
Bg7 {[%emt 0:00:02]} 17. Bh6 {[%emt 0:00:24]} O-O {[%emt 0:00:05]} 18. Bxg7 {
[%emt 0:00:06]} Kxg7 {[%emt 0:00:35] '} 19. Qg5 {[%emt 0:00:07]} c4 {[%emt 0:
00:06]} 20. Nf5+ {[%emt 0:00:10]} Kh8 {[%emt 0:00:04]} 21. e5 {[%emt 0:00:11]}
dxe5 {[%emt 0:00:09] . Time} 0-1

[Event "T-Director's Swiss sytem"]
[Site "playchess.com #662980"]
[Date "2014.03.16"]
[Round "3"]
[White "Adamavi"]
[Black "Pierre-Basile76"]
[Result "1-0"]
[WhiteElo "1411"]
[BlackElo "1811"]
[PlyCount "99"]
[EventDate "2014.03.16"]
[EventType "swiss (blitz)"]

1. d4 {[%emt 0:00:05]} Nf6 {[%emt 0:00:01]} 2. Nf3 {[%emt 0:00:03]} e6 {[%emt
0:00:01]} 3. e3 {[%emt 0:00:01]} c5 {[%emt 0:00:08]} 4. c3 {[%emt 0:00:04]}
cxd4 {[%emt 0:00:01]} 5. cxd4 {[%emt 0:00:02]} b6 {[%emt 0:00:05]} 6. Bd3 {
[%emt 0:00:06]} Bb7 {[%emt 0:00:02]} 7. O-O {[%emt 0:00:03]} Be4 {[%emt 0:00:
08]} 8. Nc3 {[%emt 0:00:15]} Bxd3 {[%emt 0:00:03]} 9. Qxd3 {[%emt 0:00:02]} Nc6
{[%emt 0:00:07]} 10. Bd2 {[%emt 0:00:27]} d5 {[%emt 0:00:03]} 11. Qb5 {[%emt 0:
00:18]} Rc8 {[%emt 0:00:13]} 12. Ne5 {[%emt 0:00:21]} Qc7 {[%emt 0:00:34]} 13.
Rac1 {[%emt 0:01:13]} Nd7 {[%emt 0:01:45]} 14. Nxc6 {[%emt 0:00:46]} Qxc6 {
[%emt 0:00:42]} 15. Qxc6 {[%emt 0:00:06]} Rxc6 {[%emt 0:00:02]} 16. Nb5 {[%emt
0:00:02]} Rxc1 {[%emt 0:00:27]} 17. Rxc1 {[%emt 0:00:03]} a6 {[%emt 0:00:38]}
18. Nc7+ {[%emt 0:00:23]} Ke7 {[%emt 0:00:12]} 19. Nxa6 {[%emt 0:00:14]} g6 {
[%emt 0:00:16]} 20. Rc7 {[%emt 0:00:09]} Kd8 {[%emt 0:00:01]} 21. Ra7 {[%emt 0:
00:11]} Bg7 {[%emt 0:00:07]} 22. Bb4 {[%emt 0:00:09] .} Re8 {[%emt 0:00:07]}
23. Ra8+ {[%emt 0:00:04]} Nb8 {[%emt 0:00:01]} 24. Rxb8+ {[%emt 0:00:02]} Kd7 {
[%emt 0:00:00]} 25. Rxe8 {[%emt 0:00:02]} Kxe8 {[%emt 0:00:00]} 26. Bd6 {[%emt
0:00:05]} Kd7 {[%emt 0:00:01]} 27. Be5 {[%emt 0:00:03]} Bf8 {[%emt 0:00:01]}
28. a3 {[%emt 0:00:02]} Kc6 {[%emt 0:00:01]} 29. Nb4+ {[%emt 0:00:01]} Kb5 {
[%emt 0:00:01]} 30. Nd3 {[%emt 0:00:06]} Be7 {[%emt 0:00:01]} 31. Kf1 {[%emt 0:
00:06]} Kc4 {[%emt 0:00:01]} 32. Ke2 {[%emt 0:00:02]} f6 {[%emt 0:00:01]} 33.
Bg3 {[%emt 0:00:03]} h5 {[%emt 0:00:03]} 34. h4 {[%emt 0:00:02]} Bd8 {[%emt 0:
00:02]} 35. Nb4 {[%emt 0:00:02]} Kb3 {[%emt 0:00:02]} 36. Nc6 {[%emt 0:00:03]}
Kxb2 {[%emt 0:00:02]} 37. Nxd8 {[%emt 0:00:02]} Kxa3 {[%emt 0:00:00]} 38. Nxe6
{[%emt 0:00:01]} b5 {[%emt 0:00:01]} 39. Nc5 {[%emt 0:00:01]} b4 {[%emt 0:00:
01]} 40. Bd6 {[%emt 0:00:05]} b3 {[%emt 0:00:04]} 41. Nxb3+ {[%emt 0:00:02]}
Kxb3 {[%emt 0:00:00]} 42. Kf3 {[%emt 0:00:01]} Kc4 {[%emt 0:00:01]} 43. Be7 {
[%emt 0:00:02]} f5 {[%emt 0:00:03]} 44. Kf4 {[%emt 0:00:01]} Kd3 {[%emt 0:00:
01]} 45. Kg5 {[%emt 0:00:07]} Ke2 {[%emt 0:00:01]} 46. Kxg6 {[%emt 0:00:03]}
Kxf2 {[%emt 0:00:01]} 47. Kxf5 {[%emt 0:00:04]} Kxe3 {[%emt 0:00:03]} 48. Bf6 {
[%emt 0:00:03]} Kf2 {[%emt 0:00:04]} 49. g4 {[%emt 0:00:01]} hxg4 {[%emt 0:00:
04]} 50. Kxg4 {[%emt 0:00:01] Pierre-Basile76 abandonne} 1-0

[Event "T-Director's Swiss sytem"]
[Site "playchess.com #662980"]
[Date "2014.03.16"]
[Round "8"]
[White "Adamavi"]
[Black "Tudorache M"]
[Result "0-1"]
[WhiteElo "1422"]
[BlackElo "1767"]
[PlyCount "56"]
[EventDate "2014.03.16"]
[EventType "swiss (blitz)"]

1. d4 {[%emt 0:00:04]} Nf6 {[%emt 0:00:03]} 2. Nf3 {[%emt 0:00:06]} g6 {[%emt
0:00:05]} 3. e3 {[%emt 0:00:05]} Bg7 {[%emt 0:00:59] Adamavi reconnected.} 4.
Bd3 {[%emt 0:00:15]} O-O {[%emt 0:00:09]} 5. O-O {[%emt 0:00:02]} d6 {[%emt 0:
00:02]} 6. c3 {[%emt 0:00:02]} Nc6 {[%emt 0:00:02]} 7. e4 {[%emt 0:00:04]} Nd7
{[%emt 0:00:09]} 8. Bg5 {[%emt 0:00:24]} h6 {[%emt 0:00:02]} 9. Bd2 {[%emt 0:
00:10]} e5 {[%emt 0:00:03]} 10. d5 {[%emt 0:00:10]} Ne7 {[%emt 0:00:03]} 11.
Na3 {[%emt 0:00:33]} f5 {[%emt 0:00:05]} 12. Nc2 {[%emt 0:00:18]} f4 {[%emt 0:
00:04]} 13. c4 {[%emt 0:00:11]} g5 {[%emt 0:00:05]} 14. h3 {[%emt 0:00:26]} Ng6
{[%emt 0:00:03]} 15. Nh2 {[%emt 0:00:13]} Nf6 {[%emt 0:00:10]} 16. Ng4 {[%emt
0:00:18]} Bxg4 {[%emt 0:00:11]} 17. hxg4 {[%emt 0:00:02]} Nh4 {[%emt 0:00:04]}
18. Ne1 {[%emt 0:00:29]} Qd7 {[%emt 0:00:11]} 19. f3 {[%emt 0:00:23]} h5 {
[%emt 0:00:02]} 20. Be2 {[%emt 0:00:22]} hxg4 {[%emt 0:00:11]} 21. fxg4 {[%emt
0:00:07]} Nxe4 {[%emt 0:00:03]} 22. Bf3 {[%emt 0:00:11]} Ng3 {[%emt 0:00:11]}
23. Rf2 {[%emt 0:00:14]} e4 {[%emt 0:00:01]} 24. Bxe4 {[%emt 0:00:20]} Nxe4 {
[%emt 0:00:02]} 25. Re2 {[%emt 0:00:05]} Rae8 {[%emt 0:01:03] '} 26. Nf3 {
[%emt 0:00:13]} Qxg4 {[%emt 0:00:07]} 27. Nxh4 {[%emt 0:00:04]} Bd4+ {[%emt 0:
00:15]} 28. Kf1 {[%emt 0:00:04]} gxh4 {[%emt 0:00:09] Time} 0-1

[Event "T-Director's Swiss sytem"]
[Site "playchess.com #662980"]
[Date "2014.03.16"]
[Round "1"]
[White "All4tactics"]
[Black "Hermann53"]
[Result "1-0"]
[WhiteElo "1837"]
[BlackElo "852"]
[PlyCount "53"]
[EventDate "2014.03.16"]
[EventType "swiss (blitz)"]

1. e4 {[%emt 0:00:04]} e5 {[%emt 0:00:02]} 2. Nf3 {[%emt 0:00:07]} Nc6 {[%emt
0:00:05]} 3. Bc4 {[%emt 0:00:03]} Bc5 {[%emt 0:00:01]} 4. b4 {[%emt 0:00:03]}
Nxb4 {[%emt 0:00:07]} 5. c3 {[%emt 0:00:04]} Nc6 {[%emt 0:00:03]} 6. d4 {[%emt
0:00:04]} b5 {[%emt 0:00:19]} 7. Bb3 {[%emt 0:00:17]} b4 {[%emt 0:00:06]} 8.
dxc5 {[%emt 0:00:03]} Nf6 {[%emt 0:00:09]} 9. O-O {[%emt 0:00:05]} O-O {[%emt
0:00:07]} 10. Bg5 {[%emt 0:00:07]} Nxe4 {[%emt 0:00:04]} 11. Bxd8 {[%emt 0:00:
04]} Nxc3 {[%emt 0:00:02]} 12. Nxc3 {[%emt 0:00:03]} bxc3 {[%emt 0:00:01]} 13.
Bxc7 {[%emt 0:00:06]} Re8 {[%emt 0:00:13]} 14. Qd5 {[%emt 0:00:08]} Nb4 {[%emt
0:00:10]} 15. Qxa8 {[%emt 0:00:14]} h5 {[%emt 0:00:17]} 16. Qe4 {[%emt 0:00:11]
} c2 {[%emt 0:00:30]} 17. Qxb4 {[%emt 0:00:31]} Ba6 {[%emt 0:00:09]} 18. Bc4 {
[%emt 0:00:21]} e4 {[%emt 0:00:09]} 19. Bxa6 {[%emt 0:00:06]} e3 {[%emt 0:00:
15]} 20. fxe3 {[%emt 0:00:12]} Rxe3 {[%emt 0:00:05]} 21. Rac1 {[%emt 0:00:08]}
Re6 {[%emt 0:00:04]} 22. Bc4 {[%emt 0:00:04]} a6 {[%emt 0:00:29]} 23. Bxe6 {
[%emt 0:00:12]} dxe6 {[%emt 0:00:03]} 24. c6 {[%emt 0:00:03]} g6 {[%emt 0:00:
13]} 25. Be5 {[%emt 0:00:03]} f5 {[%emt 0:00:04]} 26. Ng5 {[%emt 0:00:03]} f4 {
[%emt 0:00:06]} 27. Qb8# {[%emt 0:00:03]} 1-0

[Event "T-Director's Swiss sytem"]
[Site "playchess.com #662980"]
[Date "2014.03.16"]
[Round "3"]
[White "All4tactics"]
[Black "LarsvanSchooten"]
[Result "1-0"]
[WhiteElo "1835"]
[BlackElo "1648"]
[PlyCount "53"]
[EventDate "2014.03.16"]
[EventType "swiss (blitz)"]

1. e4 {[%emt 0:00:02]} c5 {[%emt 0:00:01]} 2. c3 {[%emt 0:00:04]} d5 {[%emt 0:
00:02]} 3. exd5 {[%emt 0:00:02]} Qxd5 {[%emt 0:00:01]} 4. d4 {[%emt 0:00:02]}
cxd4 {[%emt 0:00:01]} 5. cxd4 {[%emt 0:00:02]} Nc6 {[%emt 0:00:01]} 6. Nc3 {
[%emt 0:00:03]} Qxd4 {[%emt 0:00:03]} 7. Be3 {[%emt 0:00:03]} Qxd1+ {[%emt 0:
00:03]} 8. Rxd1 {[%emt 0:00:02]} Bd7 {[%emt 0:00:01]} 9. Nb5 {[%emt 0:00:03]}
O-O-O {[%emt 0:00:06]} 10. Nxa7+ {[%emt 0:00:03]} Nxa7 {[%emt 0:00:02]} 11.
Bxa7 {[%emt 0:00:03]} e6 {[%emt 0:00:01]} 12. a3 {[%emt 0:00:07]} Nf6 {[%emt 0:
00:01]} 13. b4 {[%emt 0:00:09]} Nd5 {[%emt 0:00:07]} 14. Rc1+ {[%emt 0:00:08]}
Nc7 {[%emt 0:00:08]} 15. Nf3 {[%emt 0:00:17]} Bd6 {[%emt 0:00:03]} 16. Nd4 {
[%emt 0:00:07]} e5 {[%emt 0:00:11]} 17. Nb5 {[%emt 0:00:04]} Bxb5 {[%emt 0:00:
03]} 18. Bxb5 {[%emt 0:00:02]} Rd7 {[%emt 0:00:17]} 19. O-O {[%emt 0:00:09]}
Kd8 {[%emt 0:00:04]} 20. Bxd7 {[%emt 0:00:05]} Kxd7 {[%emt 0:00:01]} 21. Rfd1 {
[%emt 0:00:04]} Ke6 {[%emt 0:00:04]} 22. Bc5 {[%emt 0:00:07]} Nb5 {[%emt 0:00:
14]} 23. a4 {[%emt 0:00:05]} Nd4 {[%emt 0:00:11]} 24. Bxd4 {[%emt 0:00:07]}
exd4 {[%emt 0:00:01]} 25. Rxd4 {[%emt 0:00:02]} Ra8 {[%emt 0:00:01]} 26. a5 {
[%emt 0:00:09]} f6 {[%emt 0:00:07]} 27. Re1+ {[%emt 0:00:04] LarsvanSchooten
geeft op} 1-0

[Event "T-Director's Swiss sytem"]
[Site "playchess.com #662980"]
[Date "2014.03.16"]
[Round "6"]
[White "All4tactics"]
[Black "Martilvov"]
[Result "0-1"]
[WhiteElo "1841"]
[BlackElo "1778"]
[PlyCount "70"]
[EventDate "2014.03.16"]
[EventType "swiss (blitz)"]

1. e4 {[%emt 0:00:20]} e6 {[%emt 0:00:02]} 2. d4 {[%emt 0:00:02]} d5 {[%emt 0:
00:02]} 3. e5 {[%emt 0:00:01]} c5 {[%emt 0:00:03]} 4. Nf3 {[%emt 0:00:02]} Nc6
{[%emt 0:00:02]} 5. c3 {[%emt 0:00:02]} Bd7 {[%emt 0:00:02]} 6. dxc5 {[%emt 0:
00:03]} Bxc5 {[%emt 0:00:13]} 7. b4 {[%emt 0:00:02]} Bb6 {[%emt 0:00:01]} 8. b5
{[%emt 0:00:02]} Na5 {[%emt 0:00:02]} 9. Bd3 {[%emt 0:00:02]} Ne7 {[%emt 0:00:
08]} 10. O-O {[%emt 0:00:02]} Rc8 {[%emt 0:00:17]} 11. a4 {[%emt 0:00:11]} Ng6
{[%emt 0:00:06]} 12. Qe2 {[%emt 0:00:08]} Nb3 {[%emt 0:00:13]} 13. Ra2 {[%emt
0:00:23]} Nxc1 {[%emt 0:00:03]} 14. Rxc1 {[%emt 0:00:02]} O-O {[%emt 0:00:03]}
15. g3 {[%emt 0:00:03]} f6 {[%emt 0:00:16]} 16. Bxg6 {[%emt 0:00:12]} hxg6 {
[%emt 0:00:04]} 17. Qd3 {[%emt 0:00:07]} f5 {[%emt 0:00:15]} 18. c4 {[%emt 0:
00:10]} Qc7 {[%emt 0:00:15]} 19. Rac2 {[%emt 0:00:03]} dxc4 {[%emt 0:00:03]}
20. Rxc4 {[%emt 0:00:02]} Qd8 {[%emt 0:00:05]} 21. Nbd2 {[%emt 0:00:07]} Qe7 {
[%emt 0:00:02]} 22. Rxc8 {[%emt 0:00:36]} Rxc8 {[%emt 0:00:00]} 23. Rxc8+ {
[%emt 0:00:02]} Bxc8 {[%emt 0:00:02]} 24. Nc4 {[%emt 0:00:02]} Bc5 {[%emt 0:00:
08]} 25. Nd6 {[%emt 0:00:07]} Qc7 {[%emt 0:00:07]} 26. h4 {[%emt 0:00:31]} Bd7
{[%emt 0:00:11]} 27. Ng5 {[%emt 0:00:08]} Qa5 {[%emt 0:00:10]} 28. Qd1 {[%emt
0:00:22]} Qc3 {[%emt 0:00:14]} 29. Kg2 {[%emt 0:00:09]} Qb2 {[%emt 0:00:27]}
30. Qf3 {[%emt 0:00:21]} Qxe5 {[%emt 0:00:07]} 31. Nxb7 {[%emt 0:00:10]} Be7 {
[%emt 0:00:03]} 32. Nh3 {[%emt 0:00:10]} Qc7 {[%emt 0:00:12]} 33. Nf4 {[%emt 0:
00:08]} Bc8 {[%emt 0:00:10]} 34. Nxg6 {[%emt 0:00:04]} Bxb7 {[%emt 0:00:08]}
35. Nxe7+ {[%emt 0:00:04]} Qxe7 {[%emt 0:00:03] All4tactics resigns} 0-1

[Event "T-Director's Swiss sytem"]
[Site "playchess.com #662980"]
[Date "2014.03.16"]
[Round "7"]
[White "All4tactics"]
[Black "degondo"]
[Result "0-1"]
[WhiteElo "1821"]
[BlackElo "1810"]
[PlyCount "82"]
[EventDate "2014.03.16"]
[EventType "swiss (blitz)"]

1. e4 {[%emt 0:00:41]} e6 {[%emt 0:00:03]} 2. d4 {[%emt 0:00:02]} d5 {[%emt 0:
00:02]} 3. e5 {[%emt 0:00:01]} c5 {[%emt 0:00:02]} 4. Nf3 {[%emt 0:00:02]} Nc6
{[%emt 0:00:01]} 5. c3 {[%emt 0:00:02]} Qb6 {[%emt 0:00:02]} 6. a3 {[%emt 0:00:
02]} Bd7 {[%emt 0:00:07]} 7. b4 {[%emt 0:00:05]} cxb4 {[%emt 0:00:06]} 8. cxb4
{[%emt 0:00:03]} Nh6 {[%emt 0:00:07]} 9. Bxh6 {[%emt 0:00:03]} gxh6 {[%emt 0:
00:02]} 10. Be2 {[%emt 0:00:18]} Bg7 {[%emt 0:00:04]} 11. O-O {[%emt 0:00:02]}
O-O {[%emt 0:00:01]} 12. Qd2 {[%emt 0:00:10]} f6 {[%emt 0:00:04]} 13. exf6 {
[%emt 0:00:02]} Rxf6 {[%emt 0:00:02]} 14. Nc3 {[%emt 0:00:03]} Rff8 {[%emt 0:
00:15]} 15. Rad1 {[%emt 0:00:03]} Rac8 {[%emt 0:00:13]} 16. Rfe1 {[%emt 0:00:
05]} Ne7 {[%emt 0:00:23]} 17. b5 {[%emt 0:00:29]} Nf5 {[%emt 0:00:40]} 18. a4 {
[%emt 0:00:10]} Be8 {[%emt 0:00:07]} 19. h3 {[%emt 0:00:22]} Bg6 {[%emt 0:00:
14]} 20. Bf1 {[%emt 0:00:07]} Rce8 {[%emt 0:00:16]} 21. Ne5 {[%emt 0:00:14]}
Nd6 {[%emt 0:00:16]} 22. Nd7 {[%emt 0:00:05]} Qc7 {[%emt 0:00:12]} 23. Nxf8 {
[%emt 0:00:03]} Bxf8 {[%emt 0:00:06]} 24. Rc1 {[%emt 0:00:26]} Qa5 {[%emt 0:00:
09]} 25. Qa2 {[%emt 0:00:19]} Qb6 {[%emt 0:00:20]} 26. Red1 {[%emt 0:00:11]}
Bg7 {[%emt 0:00:03]} 27. Ne2 {[%emt 0:00:13]} Rf8 {[%emt 0:00:07]} 28. Qb3 {
[%emt 0:00:29]} Ne4 {[%emt 0:00:08]} 29. f3 {[%emt 0:00:07]} Nd6 {[%emt 0:00:
07]} 30. Kh1 {[%emt 0:00:04]} Nf5 {[%emt 0:00:05]} 31. Qc3 {[%emt 0:00:07]} h5
{[%emt 0:00:19]} 32. g4 {[%emt 0:00:22]} hxg4 {[%emt 0:00:11]} 33. hxg4 {[%emt
0:00:02]} Nh4 {[%emt 0:00:25]} 34. Bg2 {[%emt 0:00:03]} a6 {[%emt 0:00:23]} 35.
bxa6 {[%emt 0:00:11]} Qxa6 {[%emt 0:00:06]} 36. Qe3 {[%emt 0:00:05]} Qxa4 {
[%emt 0:00:08]} 37. Qxe6+ {[%emt 0:00:04]} Kh8 {[%emt 0:00:02]} 38. Qxd5 {
[%emt 0:00:12]} Bf7 {[%emt 0:00:10]} 39. Qe4 {[%emt 0:00:02]} Qa5 {[%emt 0:00:
03]} 40. Rc5 {[%emt 0:00:03]} Qa2 {[%emt 0:00:02]} 41. Re1 {[%emt 0:00:06]} Bg6
{[%emt 0:00:00] Time} 0-1

[Event "T-Director's Swiss sytem"]
[Site "playchess.com #662980"]
[Date "2014.03.16"]
[Round "9"]
[White "All4tactics"]
[Black "henrid"]
[Result "1-0"]
[WhiteElo "1779"]
[BlackElo "1506"]
[PlyCount "55"]
[EventDate "2014.03.16"]
[EventType "swiss (blitz)"]

1. e4 {[%emt 0:00:09]} c5 {[%emt 0:00:03]} 2. c3 {[%emt 0:00:03]} d5 {[%emt 0:
00:02]} 3. exd5 {[%emt 0:00:07]} Qxd5 {[%emt 0:00:02]} 4. d4 {[%emt 0:00:08]}
cxd4 {[%emt 0:00:00]} 5. cxd4 {[%emt 0:00:02]} Nc6 {[%emt 0:00:10]} 6. Nc3 {
[%emt 0:00:06]} Qxd4 {[%emt 0:00:06]} 7. Be3 {[%emt 0:00:05]} Qxd1+ {[%emt 0:
00:08]} 8. Rxd1 {[%emt 0:00:02]} a6 {[%emt 0:00:02]} 9. Nd5 {[%emt 0:00:04]}
Bd7 {[%emt 0:00:59]} 10. Nc7+ {[%emt 0:00:04]} Kd8 {[%emt 0:00:01]} 11. Nxa8 {
[%emt 0:00:03]} Nf6 {[%emt 0:00:14]} 12. Nb6 {[%emt 0:00:03]} e6 {[%emt 0:00:
12]} 13. a3 {[%emt 0:00:05]} Kc7 {[%emt 0:00:09]} 14. Nf3 {[%emt 0:00:06]} Bd6
{[%emt 0:00:16]} 15. Nxd7 {[%emt 0:00:44]} Nxd7 {[%emt 0:00:30]} 16. Be2 {
[%emt 0:00:09]} Nf6 {[%emt 0:00:08]} 17. O-O {[%emt 0:00:38]} h6 {[%emt 0:00:
14]} 18. Nd4 {[%emt 0:00:38]} Nd5 {[%emt 0:00:09]} 19. Nxc6 {[%emt 0:00:04]}
bxc6 {[%emt 0:00:01]} 20. Bd4 {[%emt 0:00:03]} e5 {[%emt 0:00:03]} 21. Be3 {
[%emt 0:00:06]} a5 {[%emt 0:00:02]} 22. Bd2 {[%emt 0:00:01]} a4 {[%emt 0:00:03]
} 23. Bc4 {[%emt 0:00:03]} f5 {[%emt 0:00:18]} 24. Rc1 {[%emt 0:00:03]} Kd7 {
[%emt 0:00:07]} 25. Rfd1 {[%emt 0:00:05]} Nb6 {[%emt 0:00:04]} 26. Ba2 {[%emt
0:00:04]} Ke7 {[%emt 0:00:07]} 27. Ba5 {[%emt 0:00:02]} Rb8 {[%emt 0:00:16]}
28. Rxc6 {[%emt 0:00:04] henrid abandonne} 1-0